[Event "Emilia Romagna-ch"]
[Site "Piacenza"]
[Date "2024.05.10"]
[Round "2"]
[White "Toniolo, Samuel"]
[Black "Foglio, Federico"]
[Result "1-0"]
[WhiteElo "2055"]
[BlackElo "1674"]
[PlyCount "69"]
[EventDate "2024.05.10"]
[EventType "swiss"]
[EventRounds "6"]
[EventCountry "ITA"]
[SourceTitle "CB21_2024"]
[SourceDate "2024.05.22"]
[SourceVersion "1"]
[SourceVersionDate "2024.05.22"]
[SourceQuality "1"]

1. e4 c5 2. Nf3 e6 3. g3 Nc6 4. Bg2 Nf6 5. Qe2 Be7 6. 0-0 0-0 7. c3 Qc7 8. d4 cxd4 9. cxd4 a6 10. Nc3 d6 11. Rd1 Na5 12. e5 Nd7 13. exd6 Bxd6 14. Ne4 Rd8 15. Bg5 f6 16. Rac1 Nc6 17. d5 exd5 18. Rxd5 Re8 19. Qd3 Be5 20. Be3 Bxb2 21. Qb3 Kh8 22. Nd6 Bxc1 23. Nxe8 Qd8 24. Nd6 Qg8 25. Bxc1 Nb6 26. Rd3 Nd5 27. Qxd5 Qxd5 28. Rxd5 Be6 29. Rd2 Nb4 30. Nd4 Bxa2 31. Ba3 a5 32. Bxb7 Rd8 33. Bxb4 g6 34. Rxa2 axb4 35. Nf7+ 1-0